'F'our-Letter Words Quiz Stats

Quiz Updated Apr 6, 2016

Also try: 'F' Game
Challenge
Share
Tweet
Embed
Score 0/40 Timer 05:00
3 Plays Today
Clue 4-Letter Word % Correct
To discover something lostfind
97.8%
Amphibian that hopsfrog
97%
12 inchesfoot
96.8%
At no costfree
95.4%
Two plus threefive
94.7%
Not realfake/faux
94.1%
The front of a clock or watchface
92.6%
A crumbly Greek cheesefeta
91.3%
Land with crops and a barnfarm
91%
Cod, haddock or fluke, e.g.fish
90.9%
Destinyfate
90.7%
Speedy; to abstain from eatingfast
89.9%
Show off your musclesflex
89.6%
A battle between familiesfeud
89.5%
The cost of a taxi ride (or the rider)fare
88.5%
Throw in your hand, in pokerfold
87.7%
Sorority's male counterpart, for shortfrat
86.1%
Dog biting pest (or RHCP member)flea
86%
Old Glory or the Union Jack, e.g.flag
84.7%
'Hair' on a peachfuzz
83.7%
Clue 4-Letter Word % Correct
Coal, natural gas, or peat, e.g.fuel
82.3%
A company of lawyersfirm
80.8%
A very young horsefoal
80.6%
'Creamy' cappuccino topperfoam
80.5%
A military outpostfort
79.4%
A young deerfawn
77.8%
♭, as a musical note symbolflat
76.1%
Worryfret
73.6%
A sharp canine toothfang
71.5%
It usually is inside a manila folderfile
71.2%
Pete Seeger's genre of musicfolk
70.6%
Channel in a chimney for smoke to escapeflue
66.4%
A plant with frondsfern
66.2%
Beat with a whipflog/flay
65.8%
A custard with a caramel glazeflan
61%
A jester or clownfool
59%
A bird of any kindfowl
55.6%
Move across a river or streamford
50.8%
A sheet of floating icefloe
46.3%
Extremely intense rage or angerfury
46.2%

You're not logged in!

Compare scores with friends on all Sporcle quizzes.
Join for Free
OR
Log In

You Might Also Like...

Show Comments

Extras

Top Quizzes Today


Score Distribution

Your Account Isn't Verified!

In order to create a playlist on Sporcle, you need to verify the email address you used during registration. Go to your Sporcle Settings to finish the process.

Report this User

Report this user for behavior that violates our Community Guidelines.

Details: